LEADER 00822nam0-22003131i-450- 001 990003353470403321 005 20001010 010 $a84-234-1483-3 035 $a000335347 035 $aFED01000335347 035 $a(Aleph)000335347FED01 035 $a000335347 100 $a20001010d--------km-y0itay50------ba 101 0 $aita 105 $ay-------001yy 200 1 $aMANUAL PRACTICO DE COMERCIO INTERNACIONAL 205 $a2a 210 $aBILBAO$cDEUSTO$d1997 610 0 $aEconomia Internazionale 676 $a337 700 1$aVergara,$bMarta Diez$0377453 801 0$aIT$bUNINA$gRICA$2UNIMARC 901 $aBK 912 $a990003353470403321 952 $a337 VER$bLINGUE 1376$fDECLI 959 $aDECLI 996 $aMANUAL PRACTICO DE COMERCIO INTERNACIONAL$9443254 997 $aUNINA DB $aING01 LEADER 01163nam0 2200301 i 450 001 SUN0049927 005 20100623120000.0 010 $a88-420-4896-8 100 $a20060823d1996 |0itac50 ba 101 $aita 102 $aIT 105 $a|||| ||||| 200 1 $aˆIl ‰viaggio di Aristea$fLuciano Canfora 205 $aRoma$gBari : Laterza, 1996 210 $aXVI$d128 p. ; 21 cm 215 $aIn appendice: Il Prologus della Bibbia di san Paolo, dello stesso autore. 410 1$1001SUN0009852$12001 $aQuadrante$v83$1210 $aBari$cLaterza. 620 $dBari$3SUNL000009 620 $dRoma$3SUNL000360 676 $a027.009$v21 700 1$aCanfora$b, Luciano$3SUNV004599$038986 712 $aLaterza$3SUNV000002$4650 801 $aIT$bSOL$c20181109$gRICA 912 $aSUN0049927 950 $aUFFICIO DI BIBLIOTECA DEL DIPARTIMENTO DI LETTERE E BENI CULTURALI$d07 CONS Fa 340 $e07 DP 2481 995 $aUFFICIO DI BIBLIOTECA DEL DIPARTIMENTO DI LETTERE E BENI CULTURALI$bIT-CE0103$gDP$h2481$kCONS Fa 340$oc$qa 996 $aViaggio di Aristea$9612131 997 $aUNICAMPANIA